<?xml version="1.0" encoding="UTF-8"?>
<collection xmlns="http://www.loc.gov/MARC21/slim">
 <record>
  <leader>01580nam a22002417a 4500</leader>
  <controlfield tag="001">NCT_4_028178</controlfield>
  <controlfield tag="008">251101b        xxu||||| |||| 00| 0 vie d</controlfield>
  <datafield tag="999" ind1=" " ind2=" ">
   <subfield code="c">9407</subfield>
   <subfield code="d">9407</subfield>
  </datafield>
  <datafield tag="020" ind1=" " ind2=" ">
   <subfield code="a">9789814417730</subfield>
   <subfield code="c">$494</subfield>
  </datafield>
  <datafield tag="082" ind1="0" ind2="4">
   <subfield code="2">23rd ed.</subfield>
   <subfield code="a">006.3</subfield>
   <subfield code="b">K12</subfield>
  </datafield>
  <datafield tag="245" ind1="0" ind2="0">
   <subfield code="a">Uncertainty modeling in knowledge engineering and decision making : </subfield>
   <subfield code="b">Proceedings of the 10th International FLINS Conference</subfield>
   <subfield code="c">Cengiz Kahraman, Etienne E. Kerre, Faik Tunc Bozbura (editor)</subfield>
  </datafield>
  <datafield tag="260" ind1=" " ind2=" ">
   <subfield code="a">Singapore</subfield>
   <subfield code="b">World Scientific Publishing Company</subfield>
   <subfield code="c">2012</subfield>
  </datafield>
  <datafield tag="300" ind1=" " ind2=" ">
   <subfield code="a">xxiv, L-21, 1326 p.</subfield>
   <subfield code="b">ill.</subfield>
   <subfield code="c">24 cm</subfield>
  </datafield>
  <datafield tag="490" ind1="0" ind2=" ">
   <subfield code="a">World Scientific proceedings series on computer engineering and information science</subfield>
   <subfield code="v">vol. 7</subfield>
  </datafield>
  <datafield tag="504" ind1=" " ind2=" ">
   <subfield code="a">Includes bibliographical references and index</subfield>
  </datafield>
  <datafield tag="520" ind1="3" ind2=" ">
   <subfield code="a">This book presents the proceedings of the 10th FLINS conference, originally focused on Fuzzy Logic and Intelligent Technologies in Nuclear Science, now broadened to Computational Intelligence for applied research. It features state-of-the-art studies and developments in computational intelligence systems. Both theoretical foundations and practical applications are explored. The contributions reflect current advances and innovations in the field.</subfield>
  </datafield>
  <datafield tag="653" ind1=" " ind2=" ">
   <subfield code="a">Công nghệ thông tin</subfield>
  </datafield>
  <datafield tag="700" ind1="1" ind2=" ">
   <subfield code="a">Kahraman, Cengiz</subfield>
   <subfield code="e">editor</subfield>
  </datafield>
  <datafield tag="700" ind1="1" ind2=" ">
   <subfield code="a">Kerre, Etienne E.</subfield>
   <subfield code="e">editor</subfield>
  </datafield>
  <datafield tag="700" ind1="1" ind2=" ">
   <subfield code="a">Bozbura, Faik Tunc</subfield>
   <subfield code="e">editor</subfield>
  </datafield>
  <datafield tag="942" ind1=" " ind2=" ">
   <subfield code="2">ddc</subfield>
   <subfield code="c">BK</subfield>
  </datafield>
  <datafield tag="952" ind1=" " ind2=" ">
   <subfield code="0">0</subfield>
   <subfield code="1">0</subfield>
   <subfield code="2">ddc</subfield>
   <subfield code="4">0</subfield>
   <subfield code="6">006_300000000000000_K12</subfield>
   <subfield code="7">0</subfield>
   <subfield code="9">31543</subfield>
   <subfield code="a">000001</subfield>
   <subfield code="b">000001</subfield>
   <subfield code="d">2025-11-01</subfield>
   <subfield code="o">006.3 K12</subfield>
   <subfield code="p">MD.24540</subfield>
   <subfield code="r">2025-11-01</subfield>
   <subfield code="v">494.00</subfield>
   <subfield code="w">2025-11-01</subfield>
   <subfield code="y">BK</subfield>
  </datafield>
  <datafield tag="980" ind1=" " ind2=" ">
   <subfield code="a">Thư viện Trường Đại học Nam Cần Thơ</subfield>
  </datafield>
 </record>
</collection>
